00245nam a2200109Ia 4500008004100000020001800041082001400059100002200073245001500095260001000110500001500120260604s9999 xx 000 0 und d a9789387340244 a808.3 SHR aShree Book Centre 0aCinderella bSHREE aCinderella